| 000 | 00742pam a2200217 a 4500 | ||
|---|---|---|---|
| 020 | _a047098676X | ||
| 082 | 0 | 0 |
_a150.9 _bZUS _cN-01,P-156 |
| 100 | 1 |
_aZusne, Leonard, _937066 |
|
| 245 | 1 | 0 |
_aNames in the history of psychology : _ba biographical sourcebook / _cLeonard Zusne. |
| 260 |
_aIslamabad : _bNational Book foundation. ; _aPakistan : _bDistributed by Wiley, _c[1975] |
||
| 300 |
_axvii, 489 p. : _bports. ; _c25 cm. |
||
| 500 | _aIncludes index. | ||
| 526 |
_a0 _b0 _c0 _d150_900000000000000_ZUS |
||
| 526 |
_a0 _b0 _c0 _d150_900000000000000_ZUS |
||
| 650 | 0 |
_aPsychologists _937067 |
|
| 650 | 0 |
_aPsychology _xHistory. _937026 |
|
| 650 | 2 |
_aNUST _96342 |
|
| 650 | 2 | _aPsychology | |
| 650 | 2 |
_aPsychology _xHistory. _937026 |
|
| 942 |
_2ddc _cBK |
||
| 999 |
_c541990 _d541990 |
||